| 000 | 00458nam a2200145 a 4500 | ||
|---|---|---|---|
| 001 | 3339 | ||
| 003 | CDMR | ||
| 005 | 20130306103742.0 | ||
| 008 | 130130s1935||||||||||||||||||||||||||||d | ||
| 040 |
_aCDMR _bcat _cCDMR |
||
| 110 | 2 |
_aAssociació de Periodistes de Barcelona _9134 |
|
| 245 | 1 | 0 | _aReglament de la Secció de Reporters de l'Associació de Periodistes de Barcelona |
| 260 |
_aBarcelona _c1935 _bAssociació de Periodistes de Barcelona |
||
| 942 |
_cMON _2udc |
||
| 999 |
_c3339 _d3339 |
||